| 000 | 00859nam a2200289 a 4500 | ||
|---|---|---|---|
| 008 | |||
| 020 | _a0683004883 (hbk.) | ||
| 049 | _aMAIN | ||
| 090 |
_aQP355.2 _bBEA |
||
| 100 | 1 | _aBear, Mark F. | |
| 245 | 1 | 0 |
_aNeuroscience : _bexploring the brain / _cMark F. Bear, Barry W. Connors and Michael A. Paradiso. |
| 260 |
_aBaltimore : _bWilliams & Wilkins, _cc1996. |
||
| 300 |
_axv, 666 p. : _bcol. ill. ; _c29 cm. |
||
| 500 | _aIncludes ndex | ||
| 504 | _aIncludes bibliographical references. | ||
| 650 | 0 | _aNeurosciences. | |
| 650 | 0 | _aBrain. | |
| 650 | 2 | 2 | _aSpinal Cord. |
| 650 | 2 | 2 | _aNeurosciences. |
| 700 | 1 | _aConnors, Barry W. | |
| 700 | 1 | _aParadiso, Michael A. | |
| 907 |
_a.b1015646x _b19-03-10 _c02-03-05 |
||
| 003 | |||
| 005 | 20230123133938.0 | ||
| 040 | _cNUST | ||
| 942 |
_cBOOKS _kQP355.2 _mBEA |
||
| 999 |
_c157350 _d157350 |
||